[Event "Match"]
[Site "www.echecsemail.com"]
[Date "2015.10.20"]
[Round "1"]
[White "Maredocla"]
[Black "Jhw"]
[WhiteElo "2030"]
[BlackElo "2400"]
[Result "0-1"]
[Round "1"]
1.f4 c5
2.Ng1f3 Nb8c6
3.b3 Qd8c7
4.g3 d5
5.Bc1b2 f6
6.Bf1g2 Bc8f5
7.d3 e5
8.fxe5 fxe5
9.O-O O-O-O
10.Nf3g5 Ng8h6
11.e4 Bf5g4
12.Bg2f3 Bg4xf3
13.Qd1xf3 Nc6b4
14.Nb1a3 Qc7d6
15.exd5 Nb4xd5
16.Na3b5 Qd6b6
17.c4 Nd5b4
18.Rf1d1 a6
19.Nb5c3 Bf8e7
20.Ng5e4 Rh8f8
21.Qf3e2 Rf8f7
22.Rd1f1 Rf7xf1
23.Qe2xf1 Rd8f8
24.Qf1e2 Nh6f5
25.Nc3a4 Qb6d8
26.Na4xc5 Qd8b6
27.a3 Be7xc5
28.Kg2 Nf5e3
29.Kh1 Nb4c2
30.b4 Nc2xa1
31.bxc5 Qb6xb2
32.Ne4d6 Kc7
33.Nd6e8 Kc6
{ resign }
0-1

[Event "Match"]
[Site "www.echecsemail.com"]
[Date "2015.10.20"]
[Round "1"]
[White "Guidom"]
[Black "Juodivarnai"]
[WhiteElo "2140"]
[BlackElo "2180"]
[Result "0-1"]
[Round "1"]
1.e4 c5
2.Ng1f3 d6
3.c4 Nb8c6
4.Nb1c3 Ng8f6
5.d3 g6
6.Bf1e2 Bf8g7
7.O-O O-O
8.Bc1g5 h6
9.Bg5h4 g5
10.Bh4g3 Bc8g4
11.h3 Bg4h5
12.a3 a6
13.Ra1b1 e5
14.Nf3xe5 Nc6xe5
15.Be2xh5 Nf6xh5
16.Qd1xh5 Ne5xd3
17.Rf1d1 Nd3f4
18.Bg3xf4 gxf4
19.Nc3d5 Rf8e8
20.f3 Re8e5
21.Nd5xf4 Re5xh5
22.Nf4xh5 Qd8g5
23.g4 Qg5e3
24.Kg2 Qe3e2
25.Kg3 Qe2xc4
26.Rd1d5 Ra8d8
27.Rb1d1 Bg7xb2
28.Rd1d3 Qc4b5
29.Kg2 Qb5b6
30.Nh5f4 Bb2e5
31.Nf4e2 Qb6c7
32.f4 Be5g7
33.e5 Bg7f8
34.exd6 Rd8xd6
35.Rd5xd6 Bf8xd6
36.f5 Bd6f8
37.h4 Qc7e5
38.Kf3 Qe5h2
39.h5 Qh2h3
40.Kf4 Qh3xd3
{ resign }
0-1

[Event "Match"]
[Site "www.echecsemail.com"]
[Date "2015.10.20"]
[Round "1"]
[White "Guidom"]
[Black "Jhw"]
[WhiteElo "2140"]
[BlackElo "1940"]
[Result "1-0"]
[Round "1"]
1.e4 e5
2.Ng1f3 Nb8c6
3.Bf1b5 Qd8f6
4.O-O Nc6b4
5.c3 a6
6.Bb5a4 Nb4d3
7.Qd1e2 Nd3f4
8.Qe2e1 b5
9.Ba4c2 d6
10.d4 Nf4h3
11.Kh1 Nh3f4
12.Bc1xf4 Qf6xf4
13.Qe1e3 Qf4xe3
14.fxe3 exd4
15.exd4 g6
16.Nb1d2 Bf8e7
17.e5 dxe5
18.Nf3xe5 f5
19.Ra1e1 Ng8f6
20.Ne5c6 Nf6d5
21.Bc2b3 Nd5b6
22.Re1xe7 Kf8
23.Re7f7 { resign }
1-0

[Event "1/128 Finale"]
[Site "www.chess-mail.com"]
[Date "2015.10.20"]
[Round "1"]
[White "Gimmyg"]
[Black "Guidom"]
[WhiteElo "2470"]
[BlackElo "2160"]
[Result "1-0"]
[Round "1"]
1.b3 d5
2.Bc1b2 c5
3.e3 Nb8c6
4.Bf1b5 Bc8d7
5.Ng1f3 e6
6.O-O Ng8f6
7.Bb5xc6 Bd7xc6
8.Nf3e5 Bf8e7
9.d3 O-O
10.f4 Ra8c8
11.Nb1d2 a6
12.Ne5xc6 bxc6
13.Nd2f3 Be7d6
14.Qd1e1 g6
15.Qe1h4 Bd6e7
16.Ra1d1 h5
17.Qh4e1 Rc8b8
18.Nf3e5 Qd8c7
19.Qe1g3 Kh7
20.e4 dxe4
21.dxe4 Nf6xe4
22.Qg3d3 Ne4f6
23.Qd3xa6 Rb8a8
24.Qa6xc6 Qc7xc6
25.Ne5xc6 Ra8xa2
26.Bb2e5 Nf6d5
27.Rd1xd5 exd5
28.Nc6xe7 Ra2xc2
29.f5 g5
30.Ne7xd5 Rc2e2
31.Be5f6 Kh6
32.Rf1a1 Re2d2
33.Bf6e7 Rf8e8
34.Nd5f6 Re8b8
35.Ra1a6 Kg7
36.Nf6xh5 Kh7
37.Be7xg5 Rd2d1
38.Kf2 Rb8xb3
39.Ra6h6 Kg8
40.Bg5f6 { resign }
1-0

[Event "Eq:Clubul Central de Sah-La Taverne : "]
[Site "www.chess-mail.com"]
[Date "2015.10.20"]
[Round "1"]
[White "Rocadamica"]
[Black "Emmanuel69"]
[WhiteElo "2690"]
[BlackElo "1960"]
[Result "1-0"]
[Round "1"]
1.d4 d5
2.c4 c6
3.Ng1f3 Ng8f6
4.Nb1c3 e6
5.e3 Bf8e7
6.Bf1d3 O-O
7.O-O Rf8e8
8.e4 dxe4
9.Nc3xe4 Nb8d7
10.Qd1e2 h6
11.Bc1f4 Nf6xe4
12.Bd3xe4 Nd7f6
13.Be4c2 Be7f8
14.Qe2d3 g6
15.Nf3e5 Bf8g7
16.Ne5xf7 Kxf7
17.Qd3xg6 Kf8
18.Bf4e5 Qd8e7
19.Ra1e1 Qe7f7
20.Qg6g3 Qf7e7
21.Be5d6 { resign }
1-0

[Event "Fast Game"]
[Site "www.echecsemail.com"]
[Date "2015.10.20"]
[Round "1"]
[White "Mitja"]
[Black "Bojan"]
[WhiteElo "1720"]
[BlackElo "1780"]
[Result "1-0"]
[Round "1"]
1.d4 c6
2.e3 Ng8f6
3.Ng1f3 d5
4.h3 h6
5.c3 e6
6.Nb1d2 Nb8d7
7.Nd2b3 b6
8.Bf1e2 Bf8d6
9.Qd1c2 Nf6e4
10.Nb3d2 Ne4g5
11.Nf3xg5 Qd8xg5
12.Be2f3 e5
13.dxe5 Nd7xe5
14.Qc2d1 Bc8a6
15.Bf3xd5 cxd5
16.Qd1a4 Ne5d7
17.Qa4xa6 Qg5xg2
18.Rh1f1 O-O
19.Qa6b7 Nd7c5
20.Qb7c6 Rf8d8
21.Qc6b5 Bd6c7
22.b4 a6
23.Qb5e2 Nc5d7
24.Bc1b2 Qg2xh3
25.O-O-O Rd8e8
26.Rf1h1 Qh3e6
27.a3 Bc7e5
28.Nd2f3 Be5f6
29.Rd1g1 Kh7
30.Qe2d3 g6
31.Nf3d4 Qe6e5
32.Kc2 Ra8c8
33.Kb1 Qe5d6
34.Qd3xa6 Nd7e5
35.Qa6e2 Ne5c4
36.Bb2c1 Qd6e5
37.Rg1e1 Qe5e4
38.Ka2 Nc4d6
39.Kb2 Bf6xd4
40.cxd4 Rc8c7
41.f3 Qe4f5
42.Rh1h2 Nd6c4
43.Ka2 Re8c8
44.e4 Qf5d7
45.Rh2xh6 Kg7
46.Re1h1 Rc8g8
47.Rh6h7 Kf8
48.Rh1e1 Qd7c8
49.exd5 Nc4xa3
50.Bc1h6 { resign }
1-0

[Event "Fast Game"]
[Site "www.echecsemail.com"]
[Date "2015.10.20"]
[Round "1"]
[White "Goosebumps"]
[Black "Hennie4820"]
[WhiteElo "1599"]
[BlackElo "1569"]
[Result "1-0"]
[Round "1"]
1.e4 c5
2.Ng1f3 e6
3.d4 cxd4
4.Nf3xd4 Ng8f6
5.Bc1g5 Qd8a5
6.Qd1d2 Bf8b4
7.c3 Nf6xe4
8.cxb4 Qa5xg5
9.Qd2c2 Ne4f6
10.Qc2xc8 Ke7
11.Qc8c5 d6
12.Qc5xg5 { resign }
1-0

[Event "Tourn. n8433"]
[Site "www.chess-mail.com"]
[Date "2015.10.21"]
[Round "1"]
[White "Luban"]
[Black "Norlavuaram"]
[WhiteElo "2140"]
[BlackElo "2190"]
[Result "0-1"]
[Round "1"]
1.d4 Ng8f6
2.c4 g6
3.e3 Bf8g7
4.Ng1f3 O-O
5.Nb1c3 d5
6.h3 dxc4
7.Bf1xc4 Nb8d7
8.O-O c5
9.Bc4xf7 Rf8xf7
10.Nf3g5 Rf7f8
11.Qd1b3 Kh8
12.Ng5f7 Rf8xf7
13.Qb3xf7 Nd7f8
14.Qf7c4 cxd4
15.Qc4xd4 Qd8xd4
16.exd4 Bc8f5
17.Bc1g5 Nf8e6
18.Bg5xf6 Bg7xf6
19.g4 Bf5d3
20.Rf1d1 Bd3a6
21.d5 Ne6d4
{ resign }
0-1

[Event "Tourn. n8397"]
[Site "www.chess-mail.com"]
[Date "2015.10.21"]
[Round "1"]
[White "Bojan"]
[Black "Louis"]
[WhiteElo "1940"]
[BlackElo "1870"]
[Result "0-1"]
[Round "1"]
1.e4 c5
2.Ng1f3 d6
3.Bf1c4 Ng8f6
4.Nb1c3 Nb8c6
5.d4 cxd4
6.Nf3xd4 e6
7.Nd4xc6 bxc6
8.Qd1f3 d5
9.Bc4d3 Bf8d6
10.Bc1g5 h6
11.Bg5h4 O-O
12.O-O-O Bd6e5
13.Nc3a4 Qd8a5
14.b3 Bc8a6
15.exd5 Ba6xd3
16.Qf3xd3 cxd5
17.f3 Qa5c7
18.h3 Nf6d7
19.Rh1e1 Rf8c8
20.Re1e2 Nd7b6
21.Na4b2 Ra8b8
22.Bh4e1 a5
23.Be1xa5 Be5xb2
24.Kxb2 Nb6c4
25.Ka1 Qc7xa5
26.bxc4 dxc4
27.Qd3d2 c3
28.Qd2c1 Rb8b2
29.Qc1xb2 cxb2
30.Kxb2 Qa5c3
{ resign }
0-1

[Event "Tourn. n8430"]
[Site "www.chess-mail.com"]
[Date "2015.10.21"]
[Round "1"]
[White "Bojan"]
[Black "Fred"]
[WhiteElo "2040"]
[BlackElo "1970"]
[Result "0-1"]
[Round "1"]
1.e4 e5
2.Bf1c4 Ng8f6
3.d3 Bf8c5
4.g3 d6
5.h3 h6
6.a3 O-O
7.Nb1c3 Bc8e6
8.Bc4xe6 fxe6
9.Nc3a4 Bc5b6
10.Na4xb6 axb6
11.Ng1f3 Nb8d7
12.Bc1e3 c6
13.d4 Nf6xe4
14.Ke2 Qd8f6
15.Nf3h2 Ne4xf2
16.Qd1d2 Nf2e4
17.Qd2d3 Ne4xg3
18.Kd2 Ng3xh1
19.Ra1f1 Qf6h4
20.Rf1xh1 Qh4xh3
21.dxe5 Qh3g2
22.Kc3 Qg2xh1
23.Nh2g4 d5
24.Qd3e2 Qh1e4
25.Kd2 Nd7xe5
26.Ng4xh6 Kh8
27.Qe2h2 Ne5c4
{ resign }
0-1

[Event "Tourn. n8415"]
[Site "www.chess-mail.com"]
[Date "2015.10.21"]
[Round "1"]
[White "Osopanda"]
[Black "Caspito"]
[WhiteElo "1940"]
[BlackElo "1810"]
[Result "1-0"]
[Round "1"]
1.c4 e5
2.Nb1c3 Bf8c5
3.e3 Ng8f6
4.Ng1e2 c6
5.d4 exd4
6.exd4 Bc5b4
7.a3 Bb4xc3
8.Ne2xc3 O-O
9.Bf1d3 Rf8e8
10.Bc1e3 b6
11.O-O d6
12.Qd1f3 Bc8b7
13.Qf3h3 d5
14.cxd5 cxd5
15.Be3g5 Bb7c8
16.Qh3h4 g6
17.Bg5xf6 Qd8d6
18.Nc3xd5 Qd6xd5
19.Qh4h6 { resign }
1-0

[Event "Tourn. n8429"]
[Site "www.chess-mail.com"]
[Date "2015.10.21"]
[Round "1"]
[White "Luban"]
[Black "Norlavuaram"]
[WhiteElo "2140"]
[BlackElo "2190"]
[Result "0-1"]
[Round "1"]
1.d4 Ng8f6
2.c4 g6
3.e3 Bf8g7
4.Ng1f3 O-O
5.Nb1c3 d5
6.h3 b6
7.b3 Bc8b7
8.Bc1b2 Nb8d7
9.Bf1d3 c5
10.O-O a6
11.Ra1b1 dxc4
12.Bd3xc4 b5
13.Bc4e2 Qd8c7
14.Nf3e5 Rf8d8
15.Ne5xd7 Rd8xd7
16.Be2f3 cxd4
17.exd4 Bb7xf3
18.Qd1xf3 Ra8d8
19.Rf1d1 Nf6d5
20.Nc3e4 e6
21.Ne4c5 Rd7d6
22.Rb1c1 Qc7a7
23.Nc5e4 Rd6d7
24.Ne4c5 Rd7c7
25.a3 Nd5f6
26.b4 Nf6d5
27.Rc1c2 Rd8c8
28.Rc2d2 a5
29.Bb2c3 axb4
30.Bc3xb4 Rc8a8
{ resign }
0-1

[Event "Tourn. n8409"]
[Site "www.chess-mail.com"]
[Date "2015.10.21"]
[Round "1"]
[White "Llcervello"]
[Black "Boyc"]
[WhiteElo "1670"]
[BlackElo "1530"]
[Result "0-1"]
[Round "1"]
1.e4 e5
2.Bf1d3 Ng8f6
3.c4 Bf8c5
4.Ng1h3 d6
5.Qd1a4 Bc8d7
6.Qa4b3 Nb8c6
7.Qb3xb7 Nc6b4
8.Ke2 Ra8b8
9.Qb7xb8 Qd8xb8
10.a3 Nb4xd3
11.Kxd3 Qb8b3
12.Nb1c3 Nf6xe4
13.Kxe4 Qb3xc4
14.Kf3 Qc4d3
{ resign }
0-1

[Event "Tourn. n8427"]
[Site "www.chess-mail.com"]
[Date "2015.10.21"]
[Round "1"]
[White "Liencam2"]
[Black "Mitja"]
[WhiteElo "2300"]
[BlackElo "2000"]
[Result "1-0"]
[Round "1"]
1.e4 d5
2.exd5 Qd8xd5
3.Ng1f3 Qd5d8
4.d4 e6
5.c4 c6
6.Bf1e2 h6
7.Nb1c3 Ng8f6
8.h3 Nb8d7
9.O-O Nd7b6
10.Bc1e3 Bf8e7
11.Qd1d2 Nb6d7
12.Ra1d1 b6
13.d5 exd5
14.cxd5 cxd5
15.Nc3xd5 Bc8b7
16.Nd5xe7 Qd8xe7
17.Be2b5 Ra8d8
18.Be3f4 Qe7c5
19.Rf1e1 Nf6e4
20.Re1xe4 Bb7xe4
21.Bb5xd7 { resign }
1-0

[Event "Tourn. n8427"]
[Site "www.chess-mail.com"]
[Date "2015.10.21"]
[Round "1"]
[White "Mitja"]
[Black "Guidom"]
[WhiteElo "2000"]
[BlackElo "2170"]
[Result "1-0"]
[Round "1"]
1.d4 d5
2.e3 c6
3.c3 Ng8f6
4.h3 Bc8f5
5.Ng1f3 e6
6.Bf1d3 Bf5g6
7.Bd3xg6 hxg6
8.Nb1d2 Bf8d6
9.Nd2b3 Nb8d7
10.Qd1e2 Qd8e7
11.Bc1d2 Nf6e4
12.Nb3c1 Nd7f6
13.Nc1d3 O-O-O
14.Nd3e5 Ne4xd2
15.Qe2xd2 Nf6e4
16.Qd2e2 Bd6xe5
17.Nf3xe5 g5
18.O-O-O Qe7f6
19.Rd1f1 g6
20.Qe2e1 Qf6g7
21.f3 Ne4d6
22.e4 f6
23.Ne5g4 f5
24.exf5 gxf5
25.Ng4e5 a6
26.g4 f4
27.Qe1e2 Rh8h4
28.Qe2d3 Rd8h8
29.Ne5g6 Rh4xh3
30.Ng6xh8 Qg7xh8
31.Rh1xh3 Qh8xh3
32.Qd3e2 Kd7
33.Rf1e1 Qh3h6
34.b3 Qh6g6
35.Qe2e5 b5
36.Kb2 a5
37.a4 Qg6h6
38.axb5 cxb5
39.Qe5e2 Qh6f6
40.Qe2c2 Kc6
41.Re1a1 Qf6d8
42.Qc2g6 Kd7
43.Qg6g7 Kc6
44.Qg7a7 Nd6b7
45.Qa7a6 Qd8b6
46.Qa6xb6 Kxb6
47.Ra1h1 Kc6
48.Rh1h5 Kd6
49.Rh5xg5 Nb7d8
50.Rg5g7 Kc6
51.Rg7g8 Kd7
52.Rg8g7 Kc6
53.g5 { resign }
1-0

[Event "Tourn. n8378"]
[Site "www.chess-mail.com"]
[Date "2015.10.21"]
[Round "1"]
[White "Caspito"]
[Black "Alvarin111"]
[WhiteElo "1750"]
[BlackElo "1880"]
[Result "0-1"]
[Round "1"]
1.e4 e6
2.d4 d6
3.Ng1f3 h6
4.Nb1c3 Bc8d7
5.Bf1d3 Bf8e7
6.O-O Nb8c6
7.a3 Ng8f6
8.b4 O-O
9.Nc3e2 Nf6h7
10.Ne2f4 e5
11.Nf4h5 Bd7g4
12.Nh5xg7 Kxg7
13.d5 Nc6d4
14.Bd3e2 Nh7g5
15.Bc1xg5 Nd4xf3
16.gxf3 Bg4h3
17.Bg5xe7 Qd8xe7
18.Kh1 Bh3xf1
19.Qd1xf1 Qe7h4
20.Qf1g2 Kh7
21.Qg2g3 Qh4g5
22.h4 Qg5f6
23.Ra1g1 Rf8g8
24.Qg3h3 Rg8xg1
25.Kxg1 Qf6f4
26.Qh3f5 Kg7
27.Qf5g4 Kh8
28.Qg4xf4 exf4
29.c4 Kg7
30.Kh2 h5
31.b5 Kf6
32.a4 Ra8g8
33.a5 Ke5
34.Be2f1 Kd4
35.Kh1 Kc3
36.Kh2 Kd2
37.Bf1g2 Ke1
{ resign }
0-1

[Event "Match"]
[Site "www.echecsemail.com"]
[Date "2015.10.21"]
[Round "1"]
[White "Fkarpov"]
[Black "Ztornad"]
[WhiteElo "2090"]
[BlackElo "1740"]
[Result "1-0"]
[Round "1"]
1.e4 e5
2.Ng1f3 d6
3.d4 exd4
4.Nf3xd4 h5
5.Bf1c4 Qd8f6
6.Nb1c3 c6
7.O-O Nb8d7
8.Nd4f3 Nd7e5
9.Bc1g5 Ne5xf3
10.Qd1xf3 Qf6xf3
11.gxf3 Bc8e6
12.Bc4xe6 fxe6
13.Ra1d1 e5
14.f4 Bf8e7
15.Nc3e2 Ng8f6
16.fxe5 dxe5
17.Ne2g3 O-O
18.Bg5xf6 Be7xf6
19.Ng3xh5 Bf6h4
20.Nh5g3 a5
21.Ng3f5 Bh4g5
22.Rd1d7 Rf8f7
23.Rd7xf7 Kxf7
24.Nf5d6 Kg6
25.Nd6xb7 Ra8b8
26.Nb7xa5 Rb8xb2
27.Na5xc6 Bg5f4
28.Nc6e7 Kg5
29.Ne7d5 Bf4d2
30.a4 Rb2xc2
31.Rf1a1 Bd2a5
32.Kg2 Kh4
33.Kf3 g5
34.Nd5e3 Rc2c3
35.Ke2 Kh3
36.Ra1g1 Ba5d8
37.Rg1g3 Kxh2
38.Ne3g4 Kh1
39.Rg3xc3 Bd8a5
40.Rc3c5 Ba5d8
41.Kf3  { time }
1-0

[Event "Match"]
[Site "www.echecsemail.com"]
[Date "2015.10.21"]
[Round "1"]
[White "Hundegana"]
[Black "Ztornad"]
[WhiteElo "1980"]
[BlackElo "1740"]
[Result "1-0"]
[Round "1"]
1.e4 e5
2.Ng1f3 d6
3.h3 g6
4.b3 Bf8g7
5.Bc1b2 a6
6.Bf1e2 Nb8d7
7.O-O Nd7c5
8.d3 Ng8h6
9.Nb1c3 f5
10.b4 Nc5e6
11.Ra1b1 Ne6f4
12.a3 fxe4
13.dxe4 b5
14.Nc3d5 c6
15.Nd5xf4 g5
16.Nf4d3 g4
17.Nf3h2 gxh3
18.g3 O-O
19.Be2h5 Qd8e7
20.f4 a5
21.fxe5 d5
22.exd5 cxd5
23.Rf1xf8 Bg7xf8
24.Qd1f3 Bc8f5
25.Qf3xd5 Bf5e6
26.Qd5xb5 Nh6f5
27.g4 Qe7a7
28.Nd3f2 Nf5g3
29.Rb1e1 Ra8b8
30.Qb5d3 Ng3xh5
31.gxh5 axb4
32.axb4 Rb8xb4
33.Bb2c3 Qa7g7
34.Kf1 Be6c4
35.e6 Bc4xd3
36.cxd3 Qg7xc3
37.Nf2xh3 Qc3xd3
38.Kg2 Rb4b2
39.Nh3f2 Qd3d5
40.Kf1  { time }
1-0

[Event "Match"]
[Site "www.echecsemail.com"]
[Date "2015.10.21"]
[Round "1"]
[White "Azulmarino"]
[Black "Hansen"]
[WhiteElo "1660"]
[BlackElo "1510"]
[Result "1-0"]
[Round "1"]
1.e4 d5
2.Bf1d3 d4
3.Ng1f3 a6
4.c3 Bc8g4
5.h3 Bg4xf3
6.gxf3 dxc3
7.Nb1xc3 Qd8xd3
8.b3 Nb8c6
9.Nc3d5 O-O-O
10.Nd5f4 Qd3d4
11.d3 Qd4xa1
12.Qd1d2 e5
13.Nf4d5 Rd8xd5
14.exd5 Bf8b4
15.O-O Bb4xd2
16.Bc1xd2 Qa1xa2
17.dxc6 Qa2xd2
18.cxb7 Kxb7
19.Rf1a1 Qd2xd3
20.Ra1a3 Qd3xf3
21.h4 Ng8h6
22.b4 Nh6g4
23.Ra3xf3 Rh8d8
24.Rf3xf7 Rd8d2
25.f3 Rd2d1
26.Kg2 Ng4e3
27.Kg3 e4
28.f4 Ne3f1
29.Kf2 e3
30.Kf3 Rd1d2
31.Rf7e7 Rd2f2
32.Kg4 e2
33.f5 Kb6
34.h5 Rf2g2
35.Kf3 Rg2h2
36.Re7xe2 Rh2xh5
37.Kf4 g5
38.Kg4 Rh5h4
39.Kf3 g4
40.Kf2 g3
41.Kxf1 Kb5
42.f6 Rh4f4
43.Kg2 Rf4g4
44.Re2e8 h5
45.f7 Rg4f4
46.f8Q Rf4xf8
47.Re8xf8 Kxb4
48.Rf8h8 c5
49.Rh8xh5 c4
50.Rh5h1 c3
51.Kxg3 Kb3
52.Kf2 c2
53.Ke2 Kb2
54.Kd2 a5
55.Rh1c1 a4
56.Rc1xc2 Kb1
57.Kc3 a3
58.Kb3 a2
59.Rc2xa2 Kc1
60.Kc3 Kd1
61.Ra2d2 Ke1
62.Kd3 Kf1
63.Rd2e2 Kg1
64.Ke3 Kh1
65.Re2f2 Kg1
66.Kf3 Kh1
67.Rf2a2 Kg1
68.Ra2a1 Kh2
69.Ra1f1 Kh3
70.Rf1h1 { resign }
1-0

[Event "1/128 Finale"]
[Site "www.chess-mail.com"]
[Date "2015.10.21"]
[Round "1"]
[White "Mitja"]
[Black "Jhw"]
[WhiteElo "1900"]
[BlackElo "1920"]
[Result "0-1"]
[Round "1"]
1.d4 e6
2.e3 c5
3.dxc5 Qd8a5
4.c3 Qa5xc5
5.Nb1a3 Nb8c6
6.Ng1f3 a6
7.g3 b5
8.Bf1g2 b4
9.cxb4 Nc6xb4
10.O-O Ra8b8
11.Qd1e2 g6
12.Rf1d1 Nb4d5
13.Rd1d2 Bf8g7
14.Ra1b1 Ng8e7
15.Rd2c2 Qc5a7
16.Nf3h4 O-O
17.Bc1d2 g5
18.Nh4f3 h6
19.h3 d6
20.b3 e5
21.Na3c4 Qa7c5
22.Rb1c1 e4
23.Nf3h2 f5
24.g4 fxg4
25.hxg4 Bc8e6
26.Bg2xe4 Rf8f7
27.Rc1f1 Rb8f8
28.Be4f5 Ne7xf5
29.gxf5 Be6xf5
30.Bd2e1 Bf5xc2
31.Qe2xc2 Nd5e7
32.Nh2g4 Rf7f3
33.Qc2d2 Ne7f5
34.Kg2 Nf5h4
35.Kg1 Rf3h3
36.f3 Rf8xf3
37.Ng4h2 Rf3xf1
38.Kxf1 Qc5f5
39.Be1f2 Rh3xh2
40.Nc4xd6 Rh2h1
41.Ke2 Qf5f3
42.Kd3 Rh1d1
{ resign }
0-1

[Event "Eq:Team USA-Los Tercios : "]
[Site "www.chess-mail.com"]
[Date "2015.10.21"]
[Round "1"]
[White "Julianlore"]
[Black "Uji40"]
[WhiteElo "2610"]
[BlackElo "1950"]
[Result "1-0"]
[Round "1"]
1.e4 e5
2.Ng1f3 Nb8c6
3.Bf1b5 Ng8f6
4.O-O Nf6xe4
5.d4 exd4
6.Rf1e1 f5
7.Nf3xd4 Nc6xd4
8.Qd1xd4 c6
9.f3 cxb5
10.fxe4 Qd8b6
11.exf5 Kd8
12.Bc1e3 Qb6xd4
13.Be3xd4 Rh8g8
14.Nb1c3 d6
15.g4 Bf8e7
16.Nc3xb5 Bc8d7
17.c4 Bd7xb5
18.cxb5 Kd7
19.Ra1d1 a6
20.bxa6 Ra8xa6
21.a3 Be7f6
22.h3 h5
23.Bd4xf6 gxf6
24.Rd1d4 Ra6a5
25.Kf2 Ra5b5
26.b4 Rb5e5
27.Re1d1 Kc7
28.Kf3 Rg8a8
29.Rd4xd6 Ra8xa3
30.Rd6d3 hxg4
31.Kxg4 Re5e4
32.Kh5 Re4xb4
33.Rd3xa3 { resign }
1-0

[Event "Fast Game"]
[Site "www.echecsemail.com"]
[Date "2015.10.21"]
[Round "1"]
[White "Goosebumps"]
[Black "Kevinking"]
[WhiteElo "1599"]
[BlackElo "1579"]
[Result "1-0"]
[Round "1"]
1.e4 e6
2.d4 d5
3.Nb1d2 Ng8f6
4.e5 Nf6d7
5.Bf1d3 c5
6.c3 cxd4
7.cxd4 Nb8c6
8.Ng1e2 g6
9.O-O h5
10.Nd2f3 Nc6e7
11.Bc1g5 Qd8b6
12.Qd1c2 Ne7f5
13.Ra1c1 Bf8e7
14.Qc2xc8 Ra8xc8
15.Rc1xc8 Be7d8
16.Bg5xd8 Qb6xd8
17.Rc8xd8 Kxd8
18.Bd3xf5 gxf5
19.Rf1c1 Nd7b6
20.Nf3g5 Rh8f8
21.h4 Nb6a8
22.Ne2f4 Ke7
23.g3 Kd7
24.Nf4xh5 Rf8c8
25.Rc1xc8 Kxc8
26.Ng5xf7 { resign }
1-0

[Event "Fast Game"]
[Site "www.echecsemail.com"]
[Date "2015.10.21"]
[Round "1"]
[White "Masteratches"]
[Black "Nikas"]
[WhiteElo "1599"]
[BlackElo "1599"]
[Result "1-0"]
[Round "1"]
1.d4 d5
2.Ng1f3 Ng8f6
3.e3 Nb8c6
4.c4 Bc8g4
5.Qd1b3 Bg4xf3
6.Qb3xb7 Nc6a5
7.Qb7a6 Na5xc4
8.Qa6c6 Nf6d7
9.gxf3 Nc4b6
10.Nb1c3 e6
11.Rh1g1 g6
12.e4 Bf8b4
13.Bc1g5 Qd8c8
14.Ra1c1 O-O
15.a3 Bb4xc3
16.Qc6xc3 { resign }
1-0

[Event "Tourn. n8433"]
[Site "www.chess-mail.com"]
[Date "2015.10.22"]
[Round "1"]
[White "Maredocla"]
[Black "Umzi"]
[WhiteElo "2050"]
[BlackElo "2140"]
[Result "0-1"]
[Round "1"]
1.e4 d5
2.exd5 Qd8xd5
3.Nb1c3 Qd5a5
4.Ng1f3 Ng8f6
5.d3 c6
6.Bc1d2 Qa5c7
7.Bf1e2 e5
8.Bd2g5 Bf8e7
9.O-O O-O
10.Nc3e4 Nf6xe4
11.Bg5xe7 Ne4xf2
12.Rf1xf2 Qc7xe7
13.Qd1d2 Nb8d7
14.a3 Nd7f6
15.h3 h6
16.Ra1f1 e4
17.Nf3h2 e3
18.Qd2c1 exf2
19.Rf1xf2 Bc8e6
20.a4 Ra8d8
21.Qc1f4 Qe7d6
22.Qf4e3 b6
23.Rf2f3 Qd6d4
24.Qe3xd4 Rd8xd4
25.b3 Be6d5
26.Rf3f5 Rf8e8
27.Kf1 Bd5xg2
28.Kxg2 Re8xe2
{ resign }
0-1

[Event "Tourn. n8446"]
[Site "www.chess-mail.com"]
[Date "2015.10.22"]
[Round "1"]
[White "Luban"]
[Black "Norlavuaram"]
[WhiteElo "2160"]
[BlackElo "2160"]
[Result "0-1"]
[Round "1"]
1.d4 Ng8f6
2.c4 g6
3.e3 Bf8g7
4.Nb1c3 O-O
5.Ng1f3 d5
6.h3 b6
7.Bf1e2 Bc8b7
8.cxd5 Nf6xd5
9.O-O Nb8d7
10.Be2c4 Nd7f6
11.Rf1e1 e6
12.a3 Ra8c8
13.Bc4e2 c5
14.Nc3xd5 Nf6xd5
{ resign }
0-1

[Event "Tourn. n8422"]
[Site "www.chess-mail.com"]
[Date "2015.10.22"]
[Round "1"]
[White "Cathar"]
[Black "Rons"]
[WhiteElo "2260"]
[BlackElo "2550"]
[Result "0-1"]
[Round "1"]
1.e4 c5
2.Ng1f3 d6
3.d4 cxd4
4.Nf3xd4 Ng8f6
5.Nb1c3 a6
6.h3 e6
7.g4 Bf8e7
8.g5 Nf6d7
9.h4 b5
10.a3 Bc8b7
11.Bc1e3 O-O
12.Qd1d2 Nb8c6
13.O-O-O Nc6xd4
14.Be3xd4 Nd7c5
15.f3 Qd8c7
16.Rh1g1 d5
17.e5 Nc5d7
18.g6 hxg6
19.h5 Nd7xe5
20.Qd2g2 Ne5c6
{ resign }
0-1

[Event "Tourn. n8427"]
[Site "www.chess-mail.com"]
[Date "2015.10.22"]
[Round "1"]
[White "Mitja"]
[Black "Norlavuaram"]
[WhiteElo "2000"]
[BlackElo "2190"]
[Result "0-1"]
[Round "1"]
1.d4 Ng8f6
2.e3 g6
3.Ng1f3 Bf8g7
4.c3 O-O
5.Nb1d2 b6
6.Nd2b3 Bc8b7
7.Bf1e2 d6
8.O-O Nb8d7
9.h3 c5
10.dxc5 Nd7xc5
11.Nb3xc5 dxc5
12.b3 Qd8xd1
13.Rf1xd1 Rf8d8
14.Bc1b2 Nf6e4
15.Rd1c1 Ne4d2
16.Rc1d1 Nd2xf3
17.Be2xf3 Bb7xf3
18.gxf3 b5
19.Ra1c1 c4
20.b4 Kf8
21.a3 Ke8
22.Kf1 Rd8xd1
23.Rc1xd1 Ra8d8
24.Ke2 Rd8xd1
25.Kxd1 Kd7
26.Ke2 Kd6
27.f4 f5
28.Kf3 Kd5
29.Bb2a1 e5
30.fxe5 Bg7xe5
31.Ke2 g5
32.f3 h5
33.Kf2 g4
34.fxg4 fxg4
35.hxg4 hxg4
36.Ba1b2 Ke4
37.Ke2 Be5f6
38.Kf2 Bf6e5
39.Ke2 g3
{ resign }
0-1

[Event "Tourn. n8374"]
[Site "www.chess-mail.com"]
[Date "2015.10.22"]
[Round "1"]
[White "Louis"]
[Black "Jhw"]
[WhiteElo "1840"]
[BlackElo "1900"]
[Result "0-1"]
[Round "1"]
1.c4 g6
2.e4 c5
3.Ng1f3 Bf8g7
4.d4 e6
5.Nb1c3 cxd4
6.Nf3xd4 Nb8c6
7.Nd4b5 Bg7xc3
8.Nb5xc3 h6
9.Bc1e3 Ng8f6
10.Bf1e2 Qd8e7
11.O-O d6
12.Qd1d2 b6
13.Be3xh6 e5
14.Bh6g5 Bc8e6
15.f4 Nc6d4
16.fxe5 dxe5
17.Bg5xf6 Qe7c5
18.Kh1 Be6h3
19.Bf6xh8 Bh3xg2
20.Kxg2 O-O-O
21.Bh8f6 Rd8d6
22.Bf6e7 Nd4f5
23.Be7xd6 Nf5xd6
24.Ra1d1 Nd6b7
{ resign }
0-1

[Event "Tourn. n8419"]
[Site "www.chess-mail.com"]
[Date "2015.10.22"]
[Round "1"]
[White "Maredocla"]
[Black "Norlavuaram"]
[WhiteElo "2010"]
[BlackElo "2170"]
[Result "0-1"]
[Round "1"]
1.g3 Ng8f6
2.Bf1g2 g6
3.b3 Bf8g7
4.Bc1b2 O-O
5.e3 c5
6.Ng1e2 Nb8c6
7.d3 d5
8.Nb1d2 e5
9.O-O Bc8e6
10.a3 Ra8c8
11.Ra1b1 Qd8d7
12.Nd2f3 d4
13.e4 b5
14.Nf3g5 c4
15.Ng5xe6 Qd7xe6
16.dxc4 bxc4
17.b4 c3
18.Bb2c1 h6
19.h4 Rf8d8
20.Kh2 Nc6b8
21.Ne2g1 Qe6a2
22.Rb1b3 d3
23.cxd3 c2
24.Qd1f3 Qa2xb3
25.Bg2h3 Rd8xd3
26.Qf3e2 Rc8d8
27.Bh3g2 Rd3d1
28.Ng1f3 Rd1xf1
29.Bg2xf1 Rd8d1
30.Nf3d2 Qb3c3
{ resign }
0-1

[Event "Tourn. n8363"]
[Site "www.chess-mail.com"]
[Date "2015.10.22"]
[Round "1"]
[White "Gatrooper"]
[Black "Hansen"]
[WhiteElo "1500"]
[BlackElo "1490"]
[Result "0-1"]
[Round "1"]
1.e4 d5
2.e5 e6
3.d4 b6
4.a3 a6
5.h3 Nb8c6
6.Ng1f3 h6
7.Nb1c3 g5
8.g4 f5
9.gxf5 exf5
10.Bf1g2 g4
11.hxg4 fxg4
12.Nf3h4 Nc6xd4
13.Nh4g6 c5
14.Ng6xh8 Bc8f5
15.Nc3xd5 Nd4xc2
16.Kf1 Nc2xa1
17.Nd5f6 Ng8xf6
18.Bg2xa8 Qd8xd1
19.Kg2 Bf5e4
20.Ba8xe4 Qd1e2
21.Bc1e3 Na1b3
22.Be4c6 Kd8
23.Nh8f7 Kc7
24.Bc6f3 Qe2xb2
25.Bf3d1 Nb3a5
26.exf6 Qb2xf6
27.Nf7xh6 Qf6b2
28.Nh6f5 Na5c4
29.Be3f4 Kc6
30.Bd1xg4 Nc4xa3
31.Bg4f3 Kb5
32.Bf3e4 c4
33.Bf4e3 Bf8b4
34.Nf5d4 Ka4
35.Rh1h6 Bb4c5
36.Be4c6 Kb4
37.Nd4f5 Bc5f8
38.Rh6h3 Na3c2
39.Be3d2 c3
40.Rh3h4 Kb3
41.Bc6d5 Ka3
42.Bd2f4 Bf8c5
43.Rh4h1 Nc2b4
44.Bf4c1 Nb4xd5
45.Bc1xb2 cxb2
46.f3 Nd5c3
47.f4 b1Q
48.Rh1xb1 Nc3xb1
49.Nf5h6 Bc5e3
50.f5 Be3xh6
51.Kf3 b5
52.f6 b4
53.Kg4 b3
54.Kh5 Bh6f8
55.Kg6 Bf8c5
56.f7 b2
57.Kg7 Nb1c3
58.f8Q Bc5xf8
59.Kxf8 b1Q
60.Ke7 Qb1b6
61.Kd7 Nc3d5
62.Ke8 Qb6c7
63.Kf8 Qc7e7
64.Kg8 Nd5f6
65.Kh8 Qe7h7
{ resign }
0-1

[Event "Tourn. n8399"]
[Site "www.chess-mail.com"]
[Date "2015.10.22"]
[Round "1"]
[White "Pariolinius"]
[Black "Bojan"]
[WhiteElo "1940"]
[BlackElo "1950"]
[Result "1-0"]
[Round "1"]
1.d4 g6
2.e4 d5
3.Nb1c3 dxe4
4.Nc3xe4 Bc8f5
5.Ne4g3 Bf5e6
6.Ng1f3 h6
7.Bf1d3 Be6g4
8.Bc1e3 Bf8g7
9.c3 c6
10.O-O Qd8d7
11.Bd3e2 Qd7e6
12.Qd1b3 Qe6xb3
13.axb3 Ng8f6
14.c4 Nb8a6
15.Be3d2 e6
16.Nf3e5 Bg4xe2
17.Ng3xe2 Nf6e4
18.Bd2e3 Na6b4
19.Rf1c1 Bg7xe5
20.dxe5 Nb4d3
21.Rc1c2 Nd3xf2
22.Be3xf2 Ne4xf2
23.Kxf2 a6
24.Rc2d2 Ra8d8
25.Ra1d1 Rd8xd2
26.Rd1xd2 Ke7
27.Ne2f4 g5
28.Nf4h5 Rh8c8
29.Nh5f6 Rc8c7
30.Kf3 b5
31.c5 a5
32.Kg4 a4
33.Kh5 a3
34.bxa3 Rc7a7
35.Rd2a2 Ra7a5
36.b4 Ra5a8
37.Kxh6 Ra8h8
38.Nf6h7 g4
39.Ra2d2 g3
40.hxg3 f5
41.Kg7 Rh8a8
42.Rd2d3 f4
43.gxf4 Ra8c8
44.Nh7f6 Rc8g8
45.Nf6xg8 { resign }
1-0